Luxor illustrated : with Aswan, Abu Simbel, and the Nile /
""Luxor stands on the site of ancient Thebes, Egypt's opulent New Kingdom capital. It encompasses the spectacular temples of Luxor and Karnak on the east bank of the Nile, and on the west bank the vast necropolis, which includes the Colossi of Memnon, the famed Ramesseum, Queen Hatshe...
المؤلف الرئيسي:
مؤلفون آخرون:
التنسيق: كتاب
اللغة: English
منشور في:
Cairo ; New York :
The American University in Cairo Press,
2023.
الطبعة: Second edition.
الموضوعات:
الوسوم: إضافة وسم
رقم الطلب: DT73 .T3 H29
| LEADER | 03164nam a22004937a 4500 | ||
|---|---|---|---|
| 003 | OSt | ||
| 005 | 20260428120921.0 | ||
| 008 | 260428t2024 nyuab 000 0 eng | ||
| 010 | |a 2023033562 | ||
| 020 | |a 9781649033383 |q (trade paperback) | ||
| 020 | |z 9781649033390 |q (adobe pdf) | ||
| 035 | |a 23235713 | ||
| 040 | |a ICU/DLC |b eng |e rda |c DLC |d DLC | ||
| 042 | |a pcc | ||
| 043 | |a f-ua--- | ||
| 050 | 1 | 4 | |a DT73 .T3 |b H29 |
| 082 | 0 | 0 | |a 932/.30222 |2 23/eng/20230812 |
| 100 | 1 | |a Haag, Michael, |d 1943- |e author. | |
| 245 | 1 | 0 | |a Luxor illustrated : |b with Aswan, Abu Simbel, and the Nile / |c written and photographed by Michael Haag ; revised and updated by Aidan Dodson. |
| 246 | 3 | 0 | |a With Aswan, Abu Simbel, and the Nile |
| 250 | |a Second edition. | ||
| 250 | |a Revised and updated edition. | ||
| 263 | |a 2404 | ||
| 264 | 1 | |a Cairo ; |a New York : |b The American University in Cairo Press, |c 2023. | |
| 300 | |a 116 pages : |b color illustrations, color maps ; |c 24 cm. | ||
| 336 | |a text |b txt |2 rdacontent | ||
| 337 | |a unmediated |b n |2 rdamedia | ||
| 338 | |a volume |b nc |2 rdacarrier | ||
| 520 | |a ""Luxor stands on the site of ancient Thebes, Egypt's opulent New Kingdom capital. It encompasses the spectacular temples of Luxor and Karnak on the east bank of the Nile, and on the west bank the vast necropolis, which includes the Colossi of Memnon, the famed Ramesseum, Queen Hatshepsut's magnificent funerary temple, and the Valley of the Kings, riddled with royal tombs, among them the fabled resting place of Tutankhamun. The splendor and profusion of pharaonic monuments at Luxor justifies its reputation as the greatest outdoor museum in the world. Reaching beyond Luxor, this book also covers all the major sites of Upper Egypt, including Abydos, Dendera, Esna, Edfu, and Kom Ombo. Special attention is given to Aswan, one of the most beautiful places in Egypt, with its nearby island temple of Isis at Philae. The climax of this informed and richly illustrated book comes with the remarkable temples at Abu Simbel, with their colossal figures of Ramesses II and his lovely wife Nefertari cut from the living rock. This edition, now fully revised and updated by leading Egyptologist Aidan Dodson, and presented in a brand new design and easily portable format, is the perfect companion for visitors to Upper Egypt's famed sites and monuments.""-- |c Provided by publisher. | ||
| 651 | 0 | |a Thebes (Egypt : Extinct city) |x Description and travel. | |
| 651 | 0 | |a Thebes (Egypt : Extinct city) |v Pictorial works. | |
| 651 | 0 | |a Luxor (Egypt) |x Description and travel. | |
| 651 | 0 | |a Luxor (Egypt) |v Pictorial works. | |
| 651 | 0 | |a Aswān (Egypt) |x Description and travel. | |
| 651 | 0 | |a Aswān (Egypt) |v Pictorial works. | |
| 651 | 0 | |a Abū Sunbul (Egypt) |x Description and travel. | |
| 651 | 0 | |a Abū Sunbul (Egypt) |v Pictorial works. | |
| 655 | 7 | |a Illustrated works. |2 lcgft |0 https://id.loc.gov/authorities/genreForms/gf2014026111 | |
| 700 | 1 | |a Dodson, Aidan, |d 1962- |e editor. | |
| 906 | |a 7 |b cbc |c orignew |d 1 |e ecip |f 20 |g y-gencatlg | ||
| 942 | |2 lcc |c BK | ||
| 955 | |b ICU 2023-07-19 | ||
| 955 | |a LCAP batch update 2025-06-02-04:00: LCAPM-893 | ||
| 999 | |c 62197 |d 62197 | ||
